Obnova a rozvoj.

Vytváranie podmienok na rozvoj malého a stredného podnikania. Využívanie aktivity vnútorného potenciálu regiónov. Hlavné smery podnikania v prevažne postihnutých regiónoch. Hlavné kroky na aktivizáciu regionálnej ekonomiky. Vytváranie tzv. preferovaných zón v zhode s prioritami priemyselnej politiky...

ver descrição completa

Na minha lista:
Detalhes bibliográficos
Formato: Capítulo de Livro
Idioma:eslovaco
Assuntos:
Tags: Adicionar Tag
Sem tags, seja o primeiro a adicionar uma tag!

MARC

LEADER 00000naa a2200000 4500
001 r013170
005 20221213123641.2
041 0 |a slo 
044 |a SK 
245 1 0 |a Obnova a rozvoj. 
520 |a Vytváranie podmienok na rozvoj malého a stredného podnikania. Využívanie aktivity vnútorného potenciálu regiónov. Hlavné smery podnikania v prevažne postihnutých regiónoch. Hlavné kroky na aktivizáciu regionálnej ekonomiky. Vytváranie tzv. preferovaných zón v zhode s prioritami priemyselnej politiky na priestorovú reštrukturalizáciu priemyslu. Používanie ekonomických nástrojov na alokáciu podnikateľských aktivít odvetví v jednotlivých regiónoch. 
610 2 0 |a podnikanie 
610 2 0 |a regióny 
610 2 0 |a politika priemyselná 
610 2 0 |a zmeny štruktúrne 
610 2 0 |a nástroje ekonomické 
610 2 0 |a Slovensko